[Event "Reykjavik op"]
[Site "Reykjavik"]
[Date "2023.03.31"]
[Round "4"]
[White "Ingvason, Johann"]
[Black "Eiriksson, Sigurdur"]
[Result "1-0"]
[WhiteElo "2122"]
[BlackElo "1798"]
[PlyCount "39"]
[EventDate "2023.03.29"]
[EventType "swiss"]
[EventRounds "9"]
[EventCountry "ISL"]
[SourceTitle "CBM 213 Extra"]
[Source "ChessBase"]
[SourceDate "2023.05.31"]
[SourceVersion "1"]
[SourceVersionDate "2023.05.31"]
[SourceQuality "1"]

1. e4 c5 2. Nf3 d6 3. d4 cxd4 4. Nxd4 Nf6 5. Nc3 g6 6. Bc4 Bg7 7. 0-0 0-0 8. h3 Nc6 9. Nxc6 bxc6 10. Qf3 Bb7 11. Rd1 Qa5 12. Bd2 Qc7 13. Bf4 Nd7 14. Qe2 Ne5 15. Bb3 a5 16. Qe3 Ba6 17. Bh6 Nc4 18. Bxc4 Bxc4 19. Bxg7 Kxg7 20. Qd4+ 1-0

[Event "Akureyri Icelandic op"]
[Site "Akureyri"]
[Date "2019.05.25"]
[Round "1"]
[White "Gretarsson, Helgi Ass"]
[Black "Eiriksson, Sigurdur"]
[Result "1-0"]
[WhiteElo "2433"]
[BlackElo "1811"]
[PlyCount "71"]
[EventDate "2019.05.25"]
[EventType "swiss"]
[EventRounds "9"]
[EventCountry "ISL"]
[SourceTitle "CBM 190 Extra"]
[Source "ChessBase"]
[SourceDate "2019.07.15"]
[SourceVersion "1"]
[SourceVersionDate "2019.07.15"]
[SourceQuality "1"]

1. d4 Nf6 2. c4 g6 3. Nc3 Bg7 4. e4 d6 5. f4 0-0 6. Nf3 a6 7. Bd3 c6 8. e5 Nfd7 9. Qe2 b5 10. e6 fxe6 11. h4 Nf6 12. h5 e5 13. hxg6 exd4 14. gxh7+ Kf7 15. Ng5+ Ke8 16. Bg6+ Kd7 17. Ne6 dxc3 18. Nxd8 Kxd8 19. Be3 Bg4 20. Qc2 cxb2 21. Rb1 Nbd7 22. Rxb2 Rc8 23. Qd2 Be6 24. cxb5 axb5 25. a4 Nd5 26. Bd4 N7f6 27. axb5 c5 28. f5 Bd7 29. Qa5+ Rc7 30. b6 Rb7 31. Qa6 Bc8 32. Bf2 Ne4 33. Qd3 Nxf2 34. Qxd5 Nxh1 35. Qg8 Bc3+ 36. Kd1 1-0

[Event "Reykjavik op"]
[Site "Reykjavik"]
[Date "2019.04.11"]
[Round "5"]
[White "Eiriksson, Sigurdur"]
[Black "Johannsson, Birkir Isak"]
[Result "1-0"]
[WhiteElo "1807"]
[BlackElo "2005"]
[PlyCount "75"]
[EventDate "2019.04.08"]
[EventType "swiss"]
[EventRounds "9"]
[EventCountry "ISL"]
[SourceTitle "CBM 189 Extra"]
[Source "ChessBase"]
[SourceDate "2019.06.03"]
[SourceVersion "1"]
[SourceVersionDate "2019.06.03"]
[SourceQuality "1"]

1. d4 d5 2. Bf4 c5 3. c3 Nc6 4. e3 Nf6 5. Bd3 Qb6 6. Qc2 c4 7. Be2 Bf5 8. Qc1 e6 9. Nd2 h6 10. Ngf3 Qd8 11. 0-0 Be7 12. Ne5 Nxe5 13. dxe5 Ne4 14. Nxe4 Bxe4 15. Rd1 Qc8 16. Qd2 0-0 17. Bg3 b5 18. f3 Bh7 19. Bf2 Qc6 20. Qd4 Bc5 21. Qd2 a5 22. a3 Qb6 23. h3 Rfb8 24. Bf1 b4 25. axb4 axb4 26. Rxa8 Rxa8 27. Kh1 Bg6 28. cxb4 Bxb4 29. e4 Qb7 30. Qd4 dxe4 31. fxe4 Rc8 32. Bxc4 Bxe4 33. Bf1 Rc2 34. Bd3 Bxd3 35. Rxd3 Bc5 36. Qd8+ Kh7 37. Rd2 Be7 38. Qd3+ 1-0

[Event "ISL-chT 1718"]
[Site "Reykjavik"]
[Date "2018.03.01"]
[Round "6.1"]
[White "Jonsson, Olafur Gisli"]
[Black "Eiriksson, Sigurdur"]
[Result "1-0"]
[WhiteElo "1834"]
[BlackElo "1866"]
[PlyCount "67"]
[EventDate "2017.10.19"]
[EventType "team-tourn"]
[EventRounds "9"]
[EventCountry "ISL"]
[SourceTitle "EXT 2019"]
[Source "ChessBase"]
[SourceDate "2018.10.10"]
[SourceVersion "1"]
[SourceVersionDate "2018.10.10"]
[SourceQuality "1"]
[WhiteTeam "KR CC"]
[BlackTeam "Akureyri II"]
[WhiteTeamCountry "ISL"]
[BlackTeamCountry "ISL"]

1. e4 c5 2. Nf3 d6 3. d4 cxd4 4. Nxd4 Nf6 5. Nc3 g6 6. Be3 Bg7 7. f3 0-0 8. Qd2 Nc6 9. Bc4 Bd7 10. 0-0-0 Rb8 11. Kb1 Na5 12. Bb3 b5 13. h4 Nc4 14. Bxc4 bxc4 15. h5 Qc7 16. Bh6 Qb6 17. b3 cxb3 18. axb3 a5 19. Bxg7 Kxg7 20. hxg6 fxg6 21. Qh6+ Kf7 22. Nd5 Nxd5 23. Qxh7+ Ke8 24. Qxg6+ Kd8 25. exd5 a4 26. Rd3 Ra8 27. Qg7 Re8 28. Rh8 axb3 29. Rxe8+ Bxe8 30. Rxb3 Qa5 31. Ne6+ Kd7 32. Rb7+ Kc8 33. Rc7+ Kb8 34. Qb2+ 1-0

[Event "Reykjavik op"]
[Site "Reykjavik"]
[Date "2016.03.15"]
[Round "9"]
[White "Eiriksson, Sigurdur"]
[Black "Edel, Fenja"]
[Result "1-0"]
[WhiteElo "1933"]
[BlackElo "1721"]
[PlyCount "27"]
[EventDate "2016.03.08"]
[EventType "swiss"]
[EventRounds "10"]
[EventCountry "ISL"]
[SourceTitle "CBM 171 Extra"]
[Source "ChessBase"]
[SourceDate "2016.04.26"]
[SourceVersion "1"]
[SourceVersionDate "2016.04.26"]
[SourceQuality "1"]

1. e4 e6 2. d4 d5 3. Nc3 Nf6 4. Bg5 Be7 5. e5 Nfd7 6. Bxe7 Qxe7 7. f4 c5 8. Nf3 Nc6 9. a3 a5 10. Nb5 0-0 11. Bd3 cxd4 12. Bxh7+ Kxh7 13. Ng5+ Kh6 14. Qd3 1-0

[Event "Reykjavik op"]
[Site "Reykjavik"]
[Date "2016.03.12"]
[Round "6"]
[White "Eiriksson, Sigurdur"]
[Black "Hjaltalin, Thor"]
[Result "0-1"]
[WhiteElo "1933"]
[BlackElo "1580"]
[PlyCount "80"]
[EventDate "2016.03.08"]
[EventType "swiss"]
[EventRounds "10"]
[EventCountry "ISL"]
[SourceTitle "CBM 171 Extra"]
[Source "ChessBase"]
[SourceDate "2016.04.26"]
[SourceVersion "1"]
[SourceVersionDate "2016.04.26"]
[SourceQuality "1"]

1. e4 c5 2. Nf3 e6 3. d4 cxd4 4. Nxd4 a6 5. Nc3 Nc6 6. Nxc6 bxc6 7. Bd3 Bb4 8. Bd2 Nf6 9. 0-0 d5 10. e5 Nd7 11. Qg4 Bxc3 12. bxc3 g6 13. Rfe1 c5 14. Qf3 Rb8 15. c4 d4 16. Bh6 Qh4 17. Bg7 Rg8 18. Bf6 Nxf6 19. exf6 Kd7 20. g3 Qg5 21. h4 Qh5 22. Qf4 Bb7 23. Be4 Bxe4 24. Rxe4 Qf5 25. Qe5 Qxe5 26. Rxe5 Kd6 27. f4 h5 28. Rd1 Kc6 29. Rd3 Rb1+ 30. Kf2 Rb2 31. Ra3 Rxc2+ 32. Kf1 Ra8 33. Ra4 a5 34. Ke1 Rh2 35. Kd1 Rg2 36. Rg5 Rb8 37. Kc1 Rb4 38. Rxa5 Rxc4+ 39. Kd1 d3 40. Ra3 d2 0-1

[Event "ISL-chT 1516"]
[Site "Reykjavik"]
[Date "2015.09.24"]
[Round "1.2"]
[White "Eiriksson, Sigurdur"]
[Black "Heimisson, Hilmir Freyr"]
[Result "1-0"]
[WhiteElo "1874"]
[BlackElo "1979"]
[PlyCount "81"]
[EventDate "2015.09.24"]
[EventType "team-tourn"]
[EventRounds "9"]
[EventCountry "ISL"]
[SourceTitle "EXT 2017"]
[Source "ChessBase"]
[SourceDate "2016.10.25"]
[SourceVersion "1"]
[SourceVersionDate "2016.10.25"]
[SourceQuality "1"]
[WhiteTeam "Akureyri II"]
[BlackTeam "Reykjavik II"]
[WhiteTeamCountry "ISL"]
[BlackTeamCountry "ISL"]

1. e4 e6 2. d4 d5 3. Nc3 Bb4 4. e5 c5 5. a3 Bxc3+ 6. bxc3 Ne7 7. Qg4 Qc7 8. Qxg7 Rg8 9. Qxh7 cxd4 10. Ne2 dxc3 11. f4 Nbc6 12. Qd3 d4 13. g3 Nf5 14. Bg2 Bd7 15. Be4 Rd8 16. Rb1 a6 17. Qf3 b5 18. h4 Nce7 19. g4 d3 20. cxd3 Qa5 21. gxf5 exf5 22. Bd5 Nxd5 23. Qxd5 Qb6 24. Qd4 Qh6 25. Qxc3 Rg2 26. d4 Rc8 27. Qf3 Qg7 28. Bd2 Rg6 29. d5 Rc4 30. Rc1 Rb6 31. Rxc4 bxc4 32. Rg1 Qh7 33. h5 Rb3 34. Nc3 Rb8 35. d6 Rc8 36. Qg3 Kf8 37. Nd5 f6 38. Nxf6 Qf7 39. Nxd7+ Ke8 40. Nf6+ Kf8 41. Qg8+ 1-0

[Event "ISL-chT2 1415"]
[Site "Reykjavik"]
[Date "2014.10.03"]
[Round "1"]
[White "Fridjonsson, Julius"]
[Black "Eiriksson, Sigurdur"]
[Result "1-0"]
[WhiteElo "2140"]
[BlackElo "1918"]
[PlyCount "53"]
[EventDate "2014.10.03"]
[EventType "team-tourn"]
[EventRounds "7"]
[EventCountry "ISL"]
[SourceTitle "EXT 2016"]
[Source "ChessBase"]
[SourceDate "2015.10.08"]
[SourceVersion "1"]
[SourceVersionDate "2015.10.08"]
[SourceQuality "1"]
[WhiteTeam "Reykjavik TR II"]
[BlackTeam "Akureyri II"]
[WhiteTeamCountry "ISL"]
[BlackTeamCountry "ISL"]

1. c4 Nf6 2. Nc3 g6 3. g3 Bg7 4. Bg2 0-0 5. Nf3 d6 6. d4 a6 7. 0-0 Bg4 8. h3 Bd7 9. e4 c5 10. e5 Ne8 11. exd6 Nxd6 12. dxc5 Nxc4 13. Qe2 Be6 14. Ng5 Na5 15. Nxe6 fxe6 16. Qxe6+ Kh8 17. Bg5 Nbc6 18. Rad1 Qc7 19. Rfe1 Rad8 20. Nd5 Qc8 21. Qxc8 Rxc8 22. b4 Nc4 23. Nxe7 Nxe7 24. Bxe7 Rfe8 25. Bxb7 Rc7 26. Bxa6 Bc3 27. Bf6+ 1-0

[Event "Arber op 2nd"]
[Site "Bayerisch Eisenstein"]
[Date "2013.06.30"]
[Round "2"]
[White "Strasser, Josef"]
[Black "Eiriksson, Sigurdur"]
[Result "0-1"]
[WhiteElo "1903"]
[BlackElo "1946"]
[PlyCount "108"]
[EventDate "2013.06.29"]
[EventType "swiss"]
[EventRounds "9"]
[EventCountry "GER"]
[SourceTitle "CBM 155 Extra"]
[Source "ChessBase"]
[SourceDate "2013.08.26"]
[SourceVersion "1"]
[SourceVersionDate "2013.08.26"]
[SourceQuality "1"]

1. e4 c5 2. Nf3 d6 3. Bb5+ Nd7 4. c3 a6 5. Ba4 b5 6. Bc2 Bb7 7. d4 cxd4 8. cxd4 Rc8 9. Bf4 Qc7 10. Bd3 e5 11. Be3 Ngf6 12. Nbd2 Be7 13. 0-0 0-0 14. Qe2 h6 15. d5 Ng4 16. a4 Nxe3 17. Qxe3 f5 18. axb5 axb5 19. Ra7 Nc5 20. b4 f4 21. Qe2 Nxd3 22. Qxd3 Ra8 23. Rfa1 Rxa7 24. Rxa7 Qb6 25. Ra2 g5 26. h3 h5 27. Rc2 g4 28. Ne1 Bh4 29. Qe2 g3 30. Nef3 Qxf2+ 31. Qxf2 gxf2+ 32. Kf1 Bg3 33. Nb3 Ra8 34. Na5 Bc8 35. Rc6 Kf7 36. Rxd6 Ke7 37. Rc6 Bd7 38. Rc1 Kf6 39. Rc7 Be8 40. Ke2 h4 41. Kf1 Rd8 42. Rh7 Bg6 43. Rh6 Kg7 44. Rxg6+ Kxg6 45. Nxe5+ Kf6 46. Nd3 Rc8 47. Nxf2 Re8 48. Ng4+ Kg5 49. e5 Kf5 50. Nc6 Ra8 51. Nd4+ Ke4 52. Nxb5 Kd3 53. Nf2+ Kd2 54. Ne4+ Ke3 0-1

[Event "Teplice op 8th"]
[Site "Teplice"]
[Date "2013.06.24"]
[Round "9"]
[White "Eiriksson, Sigurdur"]
[Black "Badelka, Olga"]
[Result "0-1"]
[WhiteElo "1946"]
[BlackElo "1817"]
[PlyCount "49"]
[EventDate "2013.06.15"]
[EventType "swiss"]
[EventRounds "9"]
[EventCountry "CZE"]
[SourceTitle "CBM 155 Extra"]
[Source "ChessBase"]
[SourceDate "2013.08.26"]
[SourceVersion "1"]
[SourceVersionDate "2013.08.26"]
[SourceQuality "1"]

1. e4 d5 2. exd5 Qxd5 3. Nc3 Qd6 4. d4 Nf6 5. Nf3 c6 6. Be2 Bf5 7. Be3 e6 8. 0-0 Be7 9. Qd2 0-0 10. a3 Nd5 11. Nxd5 cxd5 12. Bd3 Bxd3 13. Qxd3 Nd7 14. Bd2 Qc7 15. Rac1 Rfe8 16. Rfe1 Qc4 17. Ne5 Nxe5 18. dxe5 Qc6 19. Qg3 Rac8 20. Re3 Qa4 21. Rc3 Rxc3 22. bxc3 Qc4 23. Qd3 Bxa3 24. Qxc4 dxc4 25. Rf1 0-1

[Event "Teplice op 8th"]
[Site "Teplice"]
[Date "2013.06.21"]
[Round "7"]
[White "Eiriksson, Sigurdur"]
[Black "Bublik, Frantisek"]
[Result "1/2-1/2"]
[WhiteElo "1946"]
[BlackElo "1688"]
[PlyCount "64"]
[EventDate "2013.06.15"]
[EventType "swiss"]
[EventRounds "9"]
[EventCountry "CZE"]
[SourceTitle "CBM 155 Extra"]
[Source "ChessBase"]
[SourceDate "2013.08.26"]
[SourceVersion "1"]
[SourceVersionDate "2013.08.26"]
[SourceQuality "1"]

1. e4 c5 2. Nf3 d6 3. d4 cxd4 4. Qxd4 a6 5. Bc4 e6 6. Be3 Nd7 7. Nc3 Ngf6 8. 0-0 Be7 9. Rad1 Qc7 10. Bb3 0-0 11. Rfe1 Nc5 12. Bg5 Nxb3 13. axb3 Rd8 14. Qe3 b5 15. Rd2 Bb7 16. Rde2 Qc5 17. Qxc5 dxc5 18. e5 Bxf3 19. gxf3 Nd5 20. Bxe7 Nxe7 21. Ne4 Nf5 22. c3 Rd5 23. f4 c4 24. b4 a5 25. Ra1 a4 26. Kg2 Rad8 27. Kf3 Rd3+ 28. Kg4 Nh6+ 29. Kh4 Nf5+ 30. Kg4 Nh6+ 31. Kh4 Nf5+ 32. Kg4 Nh6+ 1/2-1/2

[Event "Nordic-ch Seniors"]
[Site "Reykjavik"]
[Date "2011.09.18"]
[Round "9"]
[White "Eiriksson, Sigurdur"]
[Black "Valtysson, Thor"]
[Result "1/2-1/2"]
[WhiteElo "1965"]
[BlackElo "2041"]
[PlyCount "102"]
[EventDate "2011.09.10"]
[EventType "swiss"]
[EventRounds "9"]
[EventCountry "ISL"]
[SourceTitle "CBM 144 Extra"]
[Source "ChessBase"]
[SourceDate "2011.10.28"]
[SourceVersion "1"]
[SourceVersionDate "2011.10.28"]
[SourceQuality "1"]

1. e4 c6 2. d4 d5 3. e5 Bf5 4. Nc3 Qb6 5. Nce2 e6 6. Ng3 Bg6 7. Nf3 c5 8. h4 h6 9. Bd3 Bxd3 10. Qxd3 Nd7 11. c3 cxd4 12. cxd4 Bb4+ 13. Nd2 Ne7 14. 0-0 Nc6 15. Nb3 Be7 16. h5 Nb4 17. Qd1 Rc8 18. Qg4 Bf8 19. Be3 Rc2 20. Rfc1 Rxc1+ 21. Rxc1 Nc6 22. f4 Kd8 23. Qf3 g6 24. hxg6 fxg6 25. Qg4 Ne7 26. Bd2 Ke8 27. Ba5 Qa6 28. Bb4 h5 29. Qg5 Rg8 30. Rc7 b6 31. Ba3 Kd8 32. Rc1 Ke8 33. f5 gxf5 34. Qxh5+ Kd8 35. Qh4 Qd3 36. Rc3 Qd1+ 37. Nf1 Qg4 38. Qf2 Qh5 39. Nc1 Rg4 40. Ne2 Rh4 41. Nfg3 Qh6 42. Rf3 Ng6 43. Bxf8 Ndxf8 44. Qe1 f4 45. Nf1 Rh1+ 46. Kf2 Qh4+ 47. g3 fxg3+ 48. Rxg3 Nf4 49. Nxf4 Qxf4+ 50. Kg2 Rh8 51. Qe3 Qxe3 1/2-1/2

[Event "ISL-chT 0405"]
[Site "Reykjavik"]
[Date "2004.11.20"]
[Round "2"]
[White "Eiriksson, Sigurdur"]
[Black "Karlsson, Bjorn Ivar"]
[Result "0-1"]
[WhiteElo "2018"]
[BlackElo "2224"]
[PlyCount "78"]
[EventDate "2004.11.19"]
[EventType "team"]
[EventRounds "7"]
[EventCountry "ISL"]
[SourceTitle "EXT 2006"]
[Source "ChessBase"]
[SourceDate "2005.11.24"]
[SourceVersion "1"]
[SourceVersionDate "2005.11.24"]
[SourceQuality "1"]

1. d4 e6 2. c4 Nf6 3. Nc3 Bb4 4. Qc2 0-0 5. Nf3 c5 6. e3 d5 7. dxc5 Bxc5 8. Be2 Nc6 9. a3 a5 10. 0-0 Qe7 11. Rd1 Rd8 12. Bd2 h6 13. cxd5 exd5 14. h3 Be6 15. Rac1 Rac8 16. Be1 d4 17. exd4 Nxd4 18. Nxd4 Bxd4 19. Bf3 b6 20. Qa4 Bc5 21. Qh4 Bb3 22. Rxd8+ Rxd8 23. Ne4 Nxe4 24. Qxe7 Bxe7 25. Bxe4 Bg5 26. Rc6 Re8 27. Rxb6 Rxe4 28. Bxa5 Bd5 29. Bc3 Re2 30. Rb5 Be6 31. a4 Rc2 32. a5 Rc1+ 33. Kh2 Bf4+ 34. g3 Bd6 35. h4 Bd7 36. Rb6 Bc5 37. Rb8+ Kh7 38. h5 Bc6 39. Kh3 Bf3 0-1